| 000 | 00509nam a22001817a 4500 | ||
|---|---|---|---|
| 003 | NUST - PNEC | ||
| 005 | 20170116180810.0 | ||
| 008 | 150428b xxu||||| |||| 00| 0 eng d | ||
| 020 | _a- | ||
| 040 | _cLIBRARY | ||
| 082 | _a297.26 JAF | ||
| 100 |
_93292 _aJafri, Syed Asif Jah |
||
| 245 |
_aSarwar-e-Kainat S.A.W. _cSayed Asif Jah Jafri |
||
| 260 |
_aMultan: _bSeerat Mohammad Research Academy, _cc2003. |
||
| 300 |
_a317 p. : _c22 cm. |
||
| 650 |
_93293 _aIslam, Prophet (PBUH) _xGeneral |
||
| 942 |
_2ddc _cBK |
||
| 999 |
_c63347 _d63347 |
||